David Ortiz trivia - Statistics

General Stats
  • This quiz has been taken 48 times
  • The average score is 16 of 20
Answer Stats
Question Answer % Correct
How many years did he play in the MLB? 20
100%
What is his nickname? Big Papi
100%
What year did he retire? 2016
94%
How many kids does he have? 3
94%
Where was he born? Dominican Republic
94%
What hand does he bat with? Left
94%
What year did he win his first ring? 2004
92%
What position did he play for most of his career? DH
92%
What stadium has he played at most in his career? Fenway Park
92%
What team did he first play for? Twins
92%
How many times was he selected to be an All-Star? 10
89%
What poition did he start out playing? 1st base
89%
What was his retiring number? 34
89%
What was the first year he played for the Red Sox 2003
86%
How many career walk offs did he have? 13
67%
What number did he first wear in the MLB? 27
61%
How many home runs did he have? 541
56%
Who was his last coach before he retired? John Farrell
44%
Who brought David to the Red Sox? Pedro Martinez
33%
What did he start to make after his retirment? Wine
11%
No matching quizzes found
Score Distribution
Percent of People with Each Score
Percentile by Number Answered
Your Score History
You have not taken this quiz